[Event "Junior Online 4NCL Division 4"]
[Site "online"]
[Date "2020.11.12"]
[Round "7.16"]
[White "Sundararaju, Ritvik"]
[Black "Taylor, Kai"]
[Result "0-1"]
[WhiteElo "700"]
[BlackElo "1300"]
[PlyCount "72"]
[EventDate "2020.11.12"]
[WhiteTeam "Uxbridge Juniors D"]
[BlackTeam "York"]

1. e4 e5 2. Qf3 Nc6 3. Bc4 f6 4. Qb3 Qe7 5. Bxg8 Na5 6. Qb5 b6 7. Qe2 Rxg8 8.
Qh5+ g6 9. Qh3 d6 10. Qc3 Bb7 11. Na3 O-O-O 12. Nb5 c6 13. Nxa7+ Kb8 14. Nxc6+
Nxc6 15. Qa3 Na5 16. b4 Nc4 17. Qb3 d5 18. exd5 Bxd5 19. h4 Nxd2 20. c4 Nxb3
21. cxd5 Nxa1 22. Rh3 Rxd5 23. Ra3 Nc2+ 24. Kf1 Rd1+ 25. Ke2 Rxg1 26. Ra6 Re1+
27. Kd2 Kb7 28. Kxc2 Kxa6 29. Bd2 Re2 30. Kd3 Rxf2 31. Be3 Rxg2 32. Bc1 Qxb4
33. Ke3 Rg3+ 34. Ke2 Qc3 35. Bd2 Qf3+ 36. Ke1 Rg1# 0-1

[Event "Junior Online 4NCL Division 4"]
[Site "online"]
[Date "2020.11.12"]
[Round "7.17"]
[White "Cashdan, Japhet"]
[Black "Zyakhor, Cornelius"]
[Result "1-0"]
[WhiteElo "1097"]
[BlackElo "775"]
[PlyCount "73"]
[EventDate "2020.11.12"]
[WhiteTeam "York"]
[BlackTeam "Uxbridge Juniors D"]

1. e4 e5 2. Nf3 d6 3. Bc4 Nf6 4. Ng5 Be6 5. Bxe6 fxe6 6. Nxe6 Qe7 7. Qh5+ g6 8.
Qh3 Nxe4 9. Nc3 Nc5 10. Nxc5 dxc5 11. Qc8+ Qd8 12. Qe6+ Be7 13. Nd5 c6 14. Nf6+
Kf8 15. O-O Bxf6 16. d3 Nd7 17. Bh6+ Bg7 18. Qd6+ Kg8 19. Qe6+ Kf8 20. Qd6+ Qe7
21. Bxg7+ Kxg7 22. Qxe7+ Kg8 23. Qxd7 Rf8 24. Rae1 Rf7 25. Qe6 Kg7 26. Qxe5+
Rf6 27. Qe7+ Rf7 28. Qg5 h6 29. Qh4 g5 30. Qh5 Rhf8 31. Re6 c4 32. Rfe1 cxd3
33. cxd3 c5 34. Re7 Rxe7 35. Rxe7+ Rf7 36. Qxf7+ Kh8 37. Qg7# 1-0

[Event "Junior Online 4NCL Division 4"]
[Site "online"]
[Date "2020.11.12"]
[Round "7.18"]
[White "Machutadze, Nicholas"]
[Black "Meyers, Grace"]
[Result "0-1"]
[WhiteElo "700"]
[BlackElo "925"]
[PlyCount "90"]
[EventDate "2020.11.12"]
[WhiteTeam "Uxbridge Juniors D"]
[BlackTeam "York"]

1. d4 d5 2. Bf4 Nf6 3. Nc3 Nc6 4. e3 Bf5 5. h3 Nb4 6. Bb5+ c6 7. Bf1 Nxc2+ 8.
Ke2 Nxa1 9. e4 dxe4 10. Qxa1 e6 11. g4 Bg6 12. Qd1 h5 13. g5 Nd5 14. Bd2 Bb4
15. Nxd5 Bxd2 16. Qxd2 cxd5 17. Ke1 O-O 18. Bb5 a6 19. Ba4 b5 20. Bb3 a5 21.
Bc2 Rc8 22. Bb1 b4 23. b3 Re8 24. a4 e5 25. dxe5 Rxe5 26. Qd4 f6 27. Kf1 Rc1+
28. Ke2 Rxb1 29. h4 Rc1 30. Qd2 Rc8 31. Qd1 d4 32. Kd2 e3+ 33. Ke2 exf2+ 34.
Kxf2 d3 35. Kf1 d2 36. Nf3 Rf5 37. Kf2 Rf4 38. gxf6 Bc2 39. Qe2 Re4 40. Qxe4
Bxe4 41. Rd1 Rc2 42. fxg7 Qd3 43. Ng1 Rc1 44. Rxc1 dxc1=Q 45. Ne2 Qf3# 0-1

[Event "Junior Online 4NCL Division 4"]
[Site "online"]
[Date "2020.11.12"]
[Round "7.19"]
[White "Bhargava, Arnav"]
[Black "Kumaar, Sai Chinmayee N"]
[Result "0-1"]
[WhiteElo "700"]
[BlackElo "1472"]
[PlyCount "48"]
[EventDate "2020.11.12"]
[WhiteTeam "Uxbridge Juniors D"]
[BlackTeam "York"]

1. d4 d5 2. c4 c6 3. e3 Bf5 4. Nf3 e6 5. Bd3 Bg6 6. O-O Be7 7. Ne5 Bxd3 8. Nxd3
Nf6 9. c5 O-O 10. Re1 Qc7 11. e4 dxe4 12. Ne5 Rd8 13. Bf4 Qc8 14. Nc3 Bxc5 15.
Rxe4 Nxe4 16. Nxe4 Bxd4 17. Nd2 Bxb2 18. Rb1 Bxe5 19. Bxe5 Qd7 20. Qc1 Qxd2 21.
Qxd2 Rxd2 22. Kf1 Rd7 23. Bg3 Na6 24. Rxb7 Rxb7 0-1

[Event "Junior Online 4NCL Division 4"]
[Site "online"]
[Date "2020.11.12"]
[Round "7.20"]
[White "Taylor, Kai"]
[Black "Sundararaju, Ritvik"]
[Result "1-0"]
[WhiteElo "1300"]
[BlackElo "700"]
[PlyCount "71"]
[EventDate "2020.11.12"]
[WhiteTeam "York"]
[BlackTeam "Uxbridge Juniors D"]

1. e4 e5 2. Nf3 Qe7 3. Nc3 Qd6 4. Bc4 Be7 5. O-O Qh6 6. d3 Nf6 7. Bxh6 gxh6 8.
Re1 Bc5 9. Nd5 Ng4 10. d4 Nc6 11. dxc5 Nb4 12. h3 Nxd5 13. Bxd5 Nf6 14. Nxe5
O-O 15. f4 Nxd5 16. exd5 d6 17. cxd6 cxd6 18. Ng4 Re8 19. Rxe8+ Kg7 20. Re7 Bf5
21. Ne3 Bg6 22. Nc4 Rc8 23. Nxd6 Rc6 24. Nxb7 Rc4 25. d6 Bxc2 26. Qg4+ Bg6 27.
d7 Rd4 28. d8=Q Rxd8 29. Nxd8 Kf6 30. Rxf7+ Bxf7 31. Nxf7 Kxf7 32. Qf5+ Ke7 33.
Re1+ Kd6 34. Re6+ Kc7 35. Qf7+ Kb8 36. Re8# 1-0

[Event "Junior Online 4NCL Division 4"]
[Site "online"]
[Date "2020.11.12"]
[Round "7.21"]
[White "Zyakhor, Cornelius"]
[Black "Cashdan, Japhet"]
[Result "0-1"]
[WhiteElo "775"]
[BlackElo "1097"]
[PlyCount "48"]
[EventDate "2020.11.12"]
[WhiteTeam "Uxbridge Juniors D"]
[BlackTeam "York"]

1. e4 e5 2. Qf3 Nf6 3. c3 Nc6 4. d4 exd4 5. cxd4 Nxd4 6. Qd3 Bb4+ 7. Bd2 Bxd2+
8. Qxd2 c5 9. Bc4 O-O 10. b4 d6 11. bxc5 dxc5 12. Nc3 Re8 13. O-O-O Nxe4 14.
Nxe4 Rxe4 15. f3 Re8 16. Qc3 Be6 17. Bxe6 Rxe6 18. Qb2 Rc8 19. Qxb7 Re7 20. Qa6
c4 21. Kb1 c3 22. Rc1 c2+ 23. Rxc2 Rxc2 24. Qd3 Re1+ 0-1

[Event "Junior Online 4NCL Division 4"]
[Site "online"]
[Date "2020.11.12"]
[Round "7.22"]
[White "Meyers, Grace"]
[Black "Machutadze, Nicholas"]
[Result "1-0"]
[WhiteElo "925"]
[BlackElo "700"]
[PlyCount "87"]
[EventDate "2020.11.12"]
[WhiteTeam "York"]
[BlackTeam "Uxbridge Juniors D"]

1. e4 Nf6 2. Nc3 e5 3. Nf3 Nc6 4. Bc4 Bc5 5. O-O O-O 6. d3 d6 7. Re1 Bg4 8. h3
Be6 9. Be3 Bxe3 10. Rxe3 Bxc4 11. dxc4 Nd4 12. Nxd4 exd4 13. Qxd4 c5 14. Qd1 b6
15. Nd5 Nxd5 16. exd5 Re8 17. Rg3 h6 18. Qg4 g5 19. h4 f6 20. hxg5 fxg5 21. Qh5
Kh7 22. Rh3 Qf6 23. Rd1 Qg6 24. Qxg6+ Kxg6 25. c3 Re4 26. b3 a5 27. f3 Re3 28.
Rc1 Rae8 29. Kf2 Re2+ 30. Kg3 Rxa2 31. Rch1 Rh8 32. Kg4 Rxg2+ 33. Rg3 Rc2 34.
f4 gxf4 35. Kxf4+ Kf6 36. Rf1 Rb2 37. Ke3+ Ke7 38. Rg7+ Ke8 39. Re1 Rxb3 40.
Kd2+ Kf8 41. Ra7 Ra3 42. Ra8+ Kg7 43. Rg1+ Kh7 44. Ra7# 1-0

[Event "Junior Online 4NCL Division 4"]
[Site "online"]
[Date "2020.11.12"]
[Round "7.25"]
[White "Liu, Reuben"]
[Black "Elisseev-Siuda, Ivan"]
[Result "0-1"]
[WhiteElo "1000"]
[BlackElo "1225"]
[PlyCount "34"]
[EventDate "2020.11.12"]
[WhiteTeam "Surrey Kings 3"]
[BlackTeam "Manchester Juniors D"]

1. e4 e5 2. Nf3 Nc6 3. Bb5 Bc5 4. O-O Nf6 5. d3 O-O 6. Bg5 d6 7. Bc4 Bg4 8. Nc3
Nd4 9. h3 Nxf3+ 10. gxf3 Bxh3 11. Re1 Qd7 12. f4 exf4 13. Bxf6 gxf6 14. Qh5 Kh8
15. Bxf7 Rxf7 16. Nd5 Rg7+ 17. Kh2 Bg4 0-1

[Event "Junior Online 4NCL Division 4"]
[Site "online"]
[Date "2020.11.12"]
[Round "7.26"]
[White "Correa, Edward"]
[Black "Carter, Olvier"]
[Result "1-0"]
[WhiteElo "1187"]
[BlackElo "1000"]
[PlyCount "39"]
[EventDate "2020.11.12"]
[WhiteTeam "Manchester Juniors D"]
[BlackTeam "Surrey Kings 3"]

1. e4 e5 2. Nf3 Nf6 3. Nxe5 Nxe4 4. Qe2 Qf6 5. Qxe4 Bc5 6. Ng4+ Qe7 7. Qxe7+
Bxe7 8. Nc3 O-O 9. d3 Re8 10. Ne3 Bb4 11. Bd2 Nc6 12. Be2 Nd4 13. Rc1 Nxe2 14.
Kxe2 d6 15. Rhe1 Re5 16. Kf1 b6 17. Ned5 Rg5 18. Nxb4 Bb7 19. Bxg5 Re8 20.
Rxe8# 1-0

[Event "Junior Online 4NCL Division 4"]
[Site "online"]
[Date "2020.11.12"]
[Round "7.27"]
[White "Arora, Bukkan"]
[Black "Topping, Rachel"]
[Result "1/2-1/2"]
[WhiteElo "1000"]
[BlackElo "1127"]
[PlyCount "151"]
[EventDate "2020.11.12"]
[WhiteTeam "Surrey Kings 3"]
[BlackTeam "Manchester Juniors D"]

1. d4 d5 2. Nc3 Nf6 3. Bf4 Nc6 4. Nb5 e5 5. Bxe5 Nxe5 6. dxe5 Ng4 7. Qd4 c6 8.
Nd6+ Bxd6 9. exd6 Qxd6 10. O-O-O O-O 11. Nf3 Be6 12. e3 Nxf2 13. Bd3 Nxh1 14.
Ng5 f5 15. Nxe6 Qxe6 16. Rxh1 Rae8 17. Re1 b6 18. h3 c5 19. Qh4 d4 20. Rf1
Qxe3+ 21. Kb1 Re5 22. g4 g5 23. Qh5 Kg7 24. gxf5 Rexf5 25. Rxf5 Rxf5 26. a3 Kf6
27. Bxf5 Kxf5 28. Qxh7+ Kf4 29. h4 c4 30. hxg5 Kxg5 31. Qg7+ Kf5 32. Qf7+ Ke4
33. Qxa7 d3 34. Qe7+ Kf3 35. Qf6+ Ke2 36. cxd3 Qxd3+ 37. Ka2 Qb3+ 38. Kb1 Kd2
39. Qf2+ Kd3 40. Qf3+ Kd4 41. Qf4+ Kc5 42. Qf5+ Kc6 43. Qf6+ Kb7 44. Qf7+ Ka6
45. Qd5 b5 46. Qa8+ Kb6 47. Qb8+ Kc5 48. Qa7+ Kd5 49. Qb7+ Kd4 50. Qb6+ Kd3 51.
Qd6+ Ke2 52. Qe5+ Kd3 53. Qg3+ Kd4 54. Qxb3 cxb3 55. Kc1 Kd3 56. Kd1 Kc4 57.
Kd2 b4 58. a4 Kc5 59. Kd3 Kd5 60. a5 Kc5 61. a6 Kb6 62. Kc4 Kxa6 63. Kxb4 Kb6
64. Kxb3 Kb5 65. Kc3 Ka4 66. b3+ Kb5 67. b4 Kb6 68. Kc4 Kb7 69. b5 Kb6 70. Kb4
Kb7 71. Ka5 Ka7 72. b6+ Kb7 73. Kb5 Kb8 74. Ka6 Ka8 75. b7+ Kb8 76. Kb6 1/2-1/2

[Event "Junior Online 4NCL Division 4"]
[Site "online"]
[Date "2020.11.12"]
[Round "7.28"]
[White "Sheehy, Lewis"]
[Black "Goldhawk, Harrison"]
[Result "1/2-1/2"]
[WhiteElo "1067"]
[BlackElo "1000"]
[PlyCount "103"]
[EventDate "2020.11.12"]
[WhiteTeam "Manchester Juniors D"]
[BlackTeam "Surrey Kings 3"]

1. e4 e6 2. Nf3 d5 3. exd5 exd5 4. d4 Bf5 5. Bd3 Bg6 6. Bxg6 hxg6 7. Nc3 Nf6 8.
Qe2+ Be7 9. Bg5 Ng4 10. h3 Nh6 11. Qe5 f6 12. Qe6 fxg5 13. Qxg6+ Kf8 14. Qe6
Nc6 15. Nxd5 Qc8 16. Qe5 Nxe5 17. Nxe5 Qd8 18. Ng6+ Kf7 19. Nxh8+ Qxh8 20. Nxe7
Qe8 21. O-O-O Qxe7 22. Rd3 g4 23. hxg4 Nxg4 24. Rf3+ Kg6 25. Rg3 Kg5 26. f3 Rh8
27. Rg1 Qe3+ 28. Kd1 Re8 29. Rxg4+ Kf5 30. Rh1 Qe2+ 31. Kc1 Re6 32. Rh5+ Kf6
33. Rf4+ Kg6 34. Re5 Rxe5 35. Rg4+ Kh5 36. b3 Re6 37. d5 Rd6 38. Re4 Qa6 39.
Re5+ Kg6 40. Kb2 Rb6 41. f4 Qf1 42. Rg5+ Kh7 43. Rh5+ Kg6 44. Rg5+ Kh6 45. g3
Qd1 46. g4 c6 47. Rh5+ Kg6 48. Rg5+ Kf6 49. Rf5+ Kg6 50. Rg5+ Kh6 51. Rh5+ Kg6
52. Rg5+ 1/2-1/2

[Event "Junior Online 4NCL Division 4"]
[Site "online"]
[Date "2020.11.12"]
[Round "7.29"]
[White "Elisseev-Siuda, Ivan"]
[Black "Liu, Reuben"]
[Result "0-1"]
[WhiteElo "1225"]
[BlackElo "1000"]
[PlyCount "70"]
[EventDate "2020.11.12"]
[WhiteTeam "Manchester Juniors D"]
[BlackTeam "Surrey Kings 3"]

1. e4 e5 2. Nf3 Nc6 3. Bc4 Bc5 4. O-O Nf6 5. d3 d6 6. Bg5 Bg4 7. h3 O-O 8. Nc3
Bxf3 9. Qxf3 h6 10. Bh4 Nd4 11. Qg3 Nxc2 12. Bxf6 Qxf6 13. Rac1 Nd4 14. Qf3
Nxf3+ 15. gxf3 Qxf3 16. Rfe1 Qxf2+ 17. Kh1 Be3 18. Rcd1 Qxb2 19. Na4 Qf2 20.
Rf1 Qe2 21. Rfe1 Qf3+ 22. Kh2 Bf4+ 23. Kg1 Qxh3 24. Re2 Qg3+ 25. Rg2 Qe3+ 26.
Kh1 c6 27. Rdg1 d5 28. Rxg7+ Kh8 29. exd5 cxd5 30. Bxd5 Rac8 31. Bxf7 Rc2 32.
Rg8+ Rxg8 33. Rxg8+ Kh7 34. a3 Qe1+ 35. Rg1 Qh4# 0-1

[Event "Junior Online 4NCL Division 4"]
[Site "online"]
[Date "2020.11.12"]
[Round "7.30"]
[White "Carter, Olvier"]
[Black "Correa, Edward"]
[Result "0-1"]
[WhiteElo "1000"]
[BlackElo "1187"]
[PlyCount "64"]
[EventDate "2020.11.12"]
[WhiteTeam "Surrey Kings 3"]
[BlackTeam "Manchester Juniors D"]

1. e4 c5 2. Bc4 e6 3. Nf3 a6 4. O-O Qc7 5. d3 d6 6. Bg5 Be7 7. Bd2 Nf6 8. Nc3
Nc6 9. Ng5 h6 10. Nf3 b6 11. a4 Bb7 12. b3 O-O 13. h3 Rad8 14. Qe1 Nb4 15. e5
dxe5 16. Nxe5 Nxc2 17. Qb1 Nxa1 18. Qxa1 Qxe5 19. Re1 Qc7 20. Ne4 Bxe4 21. dxe4
Rxd2 22. Qc3 Rdd8 23. e5 Nd7 24. Re3 a5 25. Rg3 Qxe5 26. Qf3 Qe1+ 27. Kh2 Bd6
28. Bf1 Bxg3+ 29. Qxg3 Qxf1 30. Qc7 Qe1 31. Kg3 Qe5+ 32. Qxe5 Nxe5 0-1

[Event "Junior Online 4NCL Division 4"]
[Site "online"]
[Date "2020.11.12"]
[Round "7.31"]
[White "Topping, Rachel"]
[Black "Arora, Bukkan"]
[Result "1-0"]
[WhiteElo "1127"]
[BlackElo "1000"]
[PlyCount "25"]
[EventDate "2020.11.12"]
[WhiteTeam "Manchester Juniors D"]
[BlackTeam "Surrey Kings 3"]

1. e4 e5 2. Nf3 Nc6 3. Nc3 Nf6 4. Bc4 Bc5 5. Ng5 O-O 6. d3 h6 7. Nf3 d6 8. h3
Be6 9. Nd5 Nxd5 10. exd5 Nd4 11. dxe6 Nxf3+ 12. Qxf3 f6 13. e7+ 1-0

[Event "Junior Online 4NCL Division 4"]
[Site "online"]
[Date "2020.11.12"]
[Round "7.32"]
[White "Goldhawk, Harrison"]
[Black "Sheehy, Lewis"]
[Result "0-1"]
[WhiteElo "1000"]
[BlackElo "1067"]
[PlyCount "102"]
[EventDate "2020.11.12"]
[WhiteTeam "Surrey Kings 3"]
[BlackTeam "Manchester Juniors D"]

1. e4 d6 2. d4 Nf6 3. e5 dxe5 4. dxe5 Qxd1+ 5. Kxd1 Ng4 6. Bf4 Nxf2+ 7. Ke2
Nxh1 8. g3 Bg4+ 9. Ke3 e6 10. Bg2 Bc5+ 11. Kd2 Nf2 12. Bxb7 Bf5 13. Bxa8 O-O
14. Nf3 Nd7 15. Bc6 Nb8 16. Bb5 Be4 17. Ne1 Bd4 18. Nc3 Bxc3+ 19. bxc3 Rd8+ 20.
Ke3 Rd5 21. Bc4 Rc5 22. Rb1 Nd7 23. Kxf2 Rxc4 24. a3 Rxc3 25. Rd1 Bc6 26. Kf1
Bb5+ 27. Kg1 Rxa3 28. Nf3 Rxf3 29. Bc1 h6 30. Kg2 Bc6 31. c4 Rd3+ 32. Kf1 Rxd1+
33. Ke2 Rxc1 34. Kd3 Nxe5+ 35. Kd4 Nxc4 36. Kc5 Ne3+ 37. Kb4 Nf1 38. Kb3 Nxh2
39. Kb2 Rc5 40. Kb3 e5 41. Kb4 Rc1 42. Kb3 e4 43. Kb2 Rc5 44. Kb3 e3 45. Kb4
Rc1 46. Kb3 e2 47. Kb2 Rc5 48. Kb3 e1=Q 49. Kb2 Qc1+ 50. Kb3 Qb1+ 51. Ka3 Ra5#
0-1

[Event "Junior Online 4NCL Division 4"]
[Site "online"]
[Date "2020.11.12"]
[Round "7.35"]
[White "Yerabati, Samiksha"]
[Black "Querfurth Waterman, Tal"]
[Result "0-1"]
[WhiteElo "1232"]
[BlackElo "850"]
[PlyCount "44"]
[EventDate "2020.11.12"]
[WhiteTeam "Leeds Juniors 2"]
[BlackTeam "Eden Primary Bishops"]

1. e4 e5 2. Nf3 Nc6 3. Bb5 Qf6 4. Nc3 a6 5. Ba4 Nge7 6. d3 d6 7. Bg5 Qe6 8. d4
f6 9. Bxf6 Qxf6 10. d5 b5 11. Bxb5 axb5 12. Nxb5 Kd8 13. dxc6 Nxc6 14. Qd5 Nb4
15. Qc4 Na6 16. Qc5 Nxc5 17. Nc3 Qg6 18. O-O-O Nxe4 19. Nxe4 Qxe4 20. Rhe1 Qf4+
21. Kb1 Bd7 22. g3 Qxf3 0-1

[Event "Junior Online 4NCL Division 4"]
[Site "online"]
[Date "2020.11.12"]
[Round "7.36"]
[White "Marks, Rory"]
[Black "Hara, Narita"]
[Result "0-1"]
[WhiteElo "827"]
[BlackElo "1180"]
[PlyCount "114"]
[EventDate "2020.11.12"]
[WhiteTeam "Eden Primary Bishops"]
[BlackTeam "Leeds Juniors 2"]

1. e4 e5 2. Nf3 Nc6 3. d4 d6 4. dxe5 Bg4 5. exd6 Bxd6 6. Nc3 Ne5 7. Be2 Nf6 8.
Nxe5 Bxe2 9. Nxe2 Bxe5 10. Qxd8+ Rxd8 11. O-O Nxe4 12. f3 Nf6 13. f4 Bd4+ 14.
Nxd4 Rxd4 15. Be3 Rb4 16. Bxa7 Rxb2 17. Rfe1+ Kf8 18. Bc5+ Kg8 19. g4 Rxc2 20.
Bb4 h6 21. g5 hxg5 22. fxg5 Nd7 23. Re7 Nf8 24. a4 Rhxh2 25. a5 Rhg2+ 26. Kf1
Ng6 27. Re8+ Kh7 28. Rb8 Rcf2+ 29. Ke1 Re2+ 30. Kf1 b6 31. axb6 cxb6 32. Rxb6
Ra2 33. Rxa2 Rxa2 34. Rb7 Rb2 35. Ke1 Ne5 36. Kd1 Nc6 37. Rxf7 Rxb4 38. Rc7 Ne5
39. Re7 Nf3 40. Re5 Nxe5 41. Kd2 Nf3+ 42. Kc3 Rf4 43. Kd3 Nxg5 44. Ke3 Ne6 45.
Kd3 g5 46. Ke3 g4 47. Ke2 g3 48. Ke3 g2 49. Ke2 g1=Q 50. Kd2 Qg2+ 51. Ke3 Qf3+
52. Kd2 Nd4 53. Kc1 Ne2+ 54. Kc2 Rc4+ 55. Kb2 Qc3+ 56. Kb1 Rb4+ 57. Ka2 Nc1#
0-1

[Event "Junior Online 4NCL Division 4"]
[Site "online"]
[Date "2020.11.12"]
[Round "7.37"]
[White "Sasikumar, Srivathsan"]
[Black "Block, Leo"]
[Result "1-0"]
[WhiteElo "1075"]
[BlackElo "887"]
[PlyCount "55"]
[EventDate "2020.11.12"]
[WhiteTeam "Leeds Juniors 2"]
[BlackTeam "Eden Primary Bishops"]

1. d4 d5 2. Bf4 Nd7 3. e3 b6 4. Bd3 e6 5. Nf3 Ndf6 6. c3 Bd6 7. Bg3 Nd7 8. Qc2
Bb7 9. Nbd2 Ngf6 10. O-O-O Qe7 11. Rdg1 O-O-O 12. Ne5 Bxe5 13. dxe5 Ng4 14. f4
h5 15. e4 h4 16. Be1 h3 17. gxh3 Rxh3 18. Rxg4 Rdh8 19. Bg3 Nc5 20. Nb3 Na4 21.
exd5 Bxd5 22. Nd4 Bxh1 23. Qxa4 Rxh2 24. Bxh2 Rxh2 25. Qxa7 Rf2 26. Ba6+ Kd8
27. Qb8+ Kd7 28. Qc8# 1-0

[Event "Junior Online 4NCL Division 4"]
[Site "online"]
[Date "2020.11.12"]
[Round "7.38"]
[White "Feldman, Joshua"]
[Black "Birolo, Enzo Bez"]
[Result "0-1"]
[WhiteElo "850"]
[BlackElo "977"]
[PlyCount "62"]
[EventDate "2020.11.12"]
[WhiteTeam "Eden Primary Bishops"]
[BlackTeam "Leeds Juniors 2"]

1. e4 c6 2. Bc4 d5 3. Bd3 Nf6 4. exd5 cxd5 5. Nf3 g6 6. Ng5 Bg7 7. O-O O-O 8.
c4 Bf5 9. Be2 dxc4 10. Bxc4 e6 11. Nf3 Nbd7 12. Nh4 Nh5 13. Nxf5 exf5 14. Qe2
Re8 15. Qd1 Nhf6 16. b3 Ne4 17. Bb2 Bxb2 18. Na3 Bxa1 19. Qxa1 Qa5 20. Qd1 Qxa3
21. b4 Qxb4 22. Bd5 Nxd2 23. Re1 Rxe1+ 24. Qxe1 Nf3+ 25. gxf3 Qxe1+ 26. Kg2 Nf6
27. Bxb7 Rb8 28. Bc6 Rb2 29. Ba4 Qxf2+ 30. Kh3 Qxf3+ 31. Kh4 Qg4# 0-1

[Event "Junior Online 4NCL Division 4"]
[Site "online"]
[Date "2020.11.12"]
[Round "7.39"]
[White "Querfurth Waterman, Tal"]
[Black "Yerabati, Samiksha"]
[Result "0-1"]
[WhiteElo "850"]
[BlackElo "1232"]
[PlyCount "44"]
[EventDate "2020.11.12"]
[WhiteTeam "Eden Primary Bishops"]
[BlackTeam "Leeds Juniors 2"]

1. e4 e5 2. Bc4 Nf6 3. Nc3 Bc5 4. d3 h6 5. h3 Nc6 6. Nf3 d6 7. O-O Be6 8. Bb5
O-O 9. Bxc6 bxc6 10. Re1 Re8 11. Bd2 Rb8 12. b3 Qd7 13. Rf1 Bxh3 14. gxh3 Qxh3
15. Ne1 Ng4 16. Nf3 Re6 17. Qe1 Qxf3 18. Qe2 Qh3 19. Qxg4 Qxg4+ 20. Kh1 Qh4+
21. Kg1 Rg6+ 22. Bg5 Rxg5# 0-1

[Event "Junior Online 4NCL Division 4"]
[Site "online"]
[Date "2020.11.12"]
[Round "7.40"]
[White "Hara, Narita"]
[Black "Marks, Rory"]
[Result "1-0"]
[WhiteElo "1180"]
[BlackElo "827"]
[PlyCount "51"]
[EventDate "2020.11.12"]
[WhiteTeam "Leeds Juniors 2"]
[BlackTeam "Eden Primary Bishops"]

1. d4 d5 2. Nf3 Nc6 3. Bf4 Nf6 4. e3 e6 5. c4 dxc4 6. Bxc4 Bb4+ 7. Nc3 Bxc3+ 8.
bxc3 Ne4 9. Qc2 f5 10. O-O O-O 11. Bd3 Qd5 12. c4 Qd8 13. Bxe4 fxe4 14. Qxe4 b6
15. Qxc6 Rb8 16. Bxc7 Bb7 17. Qxe6+ Rf7 18. Bxd8 Rxd8 19. Ne5 Rdf8 20. Nxf7
Rxf7 21. d5 a5 22. d6 Kh8 23. Qxf7 h6 24. d7 Kh7 25. d8=Q Bc6 26. Qdg8# 1-0

[Event "Junior Online 4NCL Division 4"]
[Site "online"]
[Date "2020.11.12"]
[Round "7.41"]
[White "Block, Leo"]
[Black "Sasikumar, Srivathsan"]
[Result "0-1"]
[WhiteElo "887"]
[BlackElo "1075"]
[PlyCount "42"]
[EventDate "2020.11.12"]
[WhiteTeam "Eden Primary Bishops"]
[BlackTeam "Leeds Juniors 2"]

1. e4 c6 2. Bc4 d5 3. Bd3 dxe4 4. Bxe4 Nf6 5. Bd3 Bg4 6. Nf3 e6 7. Nc3 Bd6 8.
h3 Bxf3 9. Qxf3 Qe7 10. O-O Nbd7 11. Bc4 O-O-O 12. d4 Rdg8 13. Bg5 h6 14. Rfe1
hxg5 15. Qe3 Rh7 16. Re2 Rgh8 17. Rae1 g4 18. Bb3 gxh3 19. Na4 hxg2 20. Kxg2
Rh2+ 21. Kf3 R8h3# 0-1

[Event "Junior Online 4NCL Division 4"]
[Site "online"]
[Date "2020.11.12"]
[Round "7.42"]
[White "Birolo, Enzo Bez"]
[Black "Feldman, Joshua"]
[Result "1-0"]
[WhiteElo "977"]
[BlackElo "850"]
[PlyCount "25"]
[EventDate "2020.11.12"]
[WhiteTeam "Leeds Juniors 2"]
[BlackTeam "Eden Primary Bishops"]

1. Nf3 Nf6 2. d4 d5 3. Bf4 Bf5 4. e3 e6 5. Nbd2 Nbd7 6. c3 c6 7. g3 g6 8. Bg2
Bg7 9. O-O O-O 10. Bg5 Ng4 11. Bxd8 Raxd8 12. Bh3 Nxf2 13. Rxf2 1-0

[Event "Junior Online 4NCL Division 4"]
[Site "online"]
[Date "2020.11.12"]
[Round "7.45"]
[White "Wilkinson, Bernard"]
[Black "Querfurth Waterman, Maya"]
[Result "1-0"]
[WhiteElo "1075"]
[BlackElo "850"]
[PlyCount "35"]
[EventDate "2020.11.12"]
[WhiteTeam "Cambridge Chess & Go C"]
[BlackTeam "Eden Primary Knights"]

1. b3 e5 2. Bb2 Bc5 3. Bxe5 Qh4 4. g3 Qe4 5. d4 Qxh1 6. Nf3 Bb4+ 7. c3 Bxc3+ 8.
Nxc3 d6 9. Bxg7 Nc6 10. Bxh8 Nh6 11. Qd3 Nb4 12. Qe3+ Kf8 13. Qxh6+ Kg8 14.
O-O-O Kxh8 15. Bh3 Bxh3 16. Rxh1 Bg2 17. Ng5 f6 18. Qxh7# 1-0

[Event "Junior Online 4NCL Division 4"]
[Site "online"]
[Date "2020.11.12"]
[Round "7.46"]
[White "Book, Zachery"]
[Black "Syposz, Iza"]
[Result "1-0"]
[WhiteElo "850"]
[BlackElo "1007"]
[PlyCount "67"]
[EventDate "2020.11.12"]
[WhiteTeam "Eden Primary Knights"]
[BlackTeam "Cambridge Chess & Go C"]

1. e4 e5 2. Nc3 Nf6 3. Nf3 Bc5 4. d4 exd4 5. Nb5 O-O 6. Nbxd4 Bxd4 7. Nxd4 Nc6
8. Nf3 d6 9. Bc4 Be6 10. Nd2 Nd4 11. O-O Bxc4 12. Re1 Ba6 13. c3 Nb5 14. Nc4
Nd4 15. Qxd4 c5 16. Qd3 d5 17. exd5 Bxc4 18. Qxc4 Qxd5 19. Qf1 Rae8 20. c4 Qd7
21. g3 Rxe1 22. Qxe1 b6 23. Bf4 Qe8 24. Qb1 a6 25. Qe1 b5 26. cxb5 axb5 27. Rc1
c4 28. Bd6 Ng4 29. Kg2 Kh8 30. Qd1 Rg8 31. Qxg4 Qd8 32. Bf4 Rf8 33. Be5 Kg8 34.
Qxg7# 1-0

[Event "Junior Online 4NCL Division 4"]
[Site "online"]
[Date "2020.11.12"]
[Round "7.48"]
[White "Lasserson, Gabriel"]
[Black "Ortu, Lorenzo"]
[Result "1-0"]
[WhiteElo "800"]
[BlackElo "750"]
[PlyCount "115"]
[EventDate "2020.11.12"]
[WhiteTeam "Eden Primary Knights"]
[BlackTeam "Cambridge Chess & Go C"]

1. e4 e5 2. Nf3 Nc6 3. Bc4 Nf6 4. O-O Nxe4 5. Re1 Nd6 6. d3 Nxc4 7. dxc4 e4 8.
Rxe4+ Be7 9. Bg5 f6 10. Bc1 O-O 11. Nc3 f5 12. Rf4 b6 13. Qe1 Bc5 14. Nd5 Ba6
15. Be3 Bd6 16. Bd4 Bxf4 17. Nxf4 Nxd4 18. Nxd4 Bxc4 19. b3 Ba6 20. Nxf5 Rxf5
21. Nd3 Qe7 22. Qxe7 Raf8 23. Qxd7 Bb7 24. Qxc7 Be4 25. Qxa7 Rg5 26. Qxb6 Rxg2+
27. Kf1 Rxh2 28. Qb4 Rfxf2+ 29. Nxf2 Bg2+ 30. Ke2 Rh5 31. Ne4 Rh1 32. Rxh1 Bxh1
33. Nf2 Ba8 34. a4 Bd5 35. a5 Bf7 36. a6 Bd5 37. a7 h6 38. Qb7 Bxb7 39. c4 g5
40. Kf1 h5 41. Kg1 g4 42. c5 g3 43. Nh3 h4 44. b4 Kf8 45. b5 Ke7 46. c6 Kd6 47.
cxb7 Kd5 48. a8=Q Ke5 49. Qh8+ Kf5 50. Qxh4 g2 51. Kxg2 Ke5 52. b8=Q+ Kd5 53.
Qg8+ Ke5 54. Qg7+ Kd6 55. Qgg5 Kd7 56. Qhh6 Kc7 57. Qgg7+ Kc8 58. Qhh8# 1-0

[Event "Junior Online 4NCL Division 4"]
[Site "online"]
[Date "2020.11.12"]
[Round "7.52"]
[White "Ortu, Lorenzo"]
[Black "Lasserson, Gabriel"]
[Result "1-0"]
[WhiteElo "750"]
[BlackElo "800"]
[PlyCount "39"]
[EventDate "2020.11.12"]
[WhiteTeam "Cambridge Chess & Go C"]
[BlackTeam "Eden Primary Knights"]

1. d4 d5 2. e3 Nc6 3. Bb5 e6 4. Bxc6+ bxc6 5. Nf3 Bb4+ 6. c3 Ba5 7. b4 Bb6 8.
Ng5 Qxg5 9. e4 Qd8 10. exd5 cxd5 11. Qa4+ Bd7 12. Qd1 c6 13. Qg4 Nf6 14. Qxg7
Rg8 15. Qg3 Rxg3 16. hxg3 Ng4 17. Rxh7 Ke7 18. b5 cxb5 19. Ba3+ Ke8 20. Rh8#
1-0